Three Land Change Models for Urban Dynamics Analysis in Sintra-Cascais Area; 1st EARSeL Workshop of the SIG Urban Remote Sensing Humboldt-Universitat zu Berlin, 2-3 March 2006

Dades bibliogràfiques
Parent link:1st EARSeL Workshop of the SIG Urban Remote Sensing Humboldt-Universitat zu Berlin, 2-3 March 2006.— 2006.— [8 p.]
Autor principal: Cabral P. Pedro
Altres autors: Zamyatin A. V. Aleksander Vladimirovich
Sumari:В фонде НТБ ТПУ отсутствует
Idioma:anglès
Publicat: 2006
Matèries:
Format: MixedMaterials Capítol de llibre
KOHA link:https://koha.lib.tpu.ru/cgi-bin/koha/opac-detail.pl?biblionumber=600972

MARC

LEADER 00000naa0a2200000 4500
001 600972
005 20250207095425.0
035 |a (RuTPU)RU\TPU\tpu\25608 
035 |a RU\TPU\tpu\25607 
090 |a 600972 
100 |a 20140909d2006 k||y0rusy50 ba 
101 0 |a eng 
102 |a DE 
200 1 |a Three Land Change Models for Urban Dynamics Analysis in Sintra-Cascais Area  |f P. Cabral, A. V. Zamyatin 
320 |a References: 18 tit. 
333 |a В фонде НТБ ТПУ отсутствует 
463 |t 1st EARSeL Workshop of the SIG Urban Remote Sensing Humboldt-Universitat zu Berlin, 2-3 March 2006  |o proceedings  |v [8 p.]  |d 2006 
610 1 |a труды учёных ТПУ 
700 1 |a Cabral  |b P.  |g Pedro 
701 1 |a Zamyatin  |b A. V.  |c Specialist in the field of informatics and computer technology  |c Associate Professor of Tomsk Polytechnic University, Doctor of technical sciences  |f 1978-  |g Aleksander Vladimirovich  |3 (RuTPU)RU\TPU\pers\31673 
801 1 |a RU  |b 63413507  |c 20091021 
801 2 |a RU  |b 63413507  |c 20140909  |g RCR 
942 |c BK